Standard form of building contract 1998 edition. With contractor's design. (Record no. 99638)

MARC details
000 -LEADER
fixed length control field 00621cam a2200193 4500
001 - CONTROL NUMBER
control field J100530
008 - FIXED-LENGTH DATA ELEMENTS--GENERAL INFORMATION
fixed length control field 000000n1998 000 0 eng u
035 ## - SYSTEM CONTROL NUMBER
System control number (Sirsi) u100194
041 ## - LANGUAGE CODE
Language code of text/sound track or separate title ENG
050 ## - LIBRARY OF CONGRESS CALL NUMBER
Classification number 692.8
110 ## - MAIN ENTRY--CORPORATE NAME
Corporate name or jurisdiction name as entry element Joint Contracts Tribunal
9 (RLIN) 3664
245 ## - TITLE STATEMENT
Title Standard form of building contract 1998 edition. With contractor's design.
260 ## - PUBLICATION, DISTRIBUTION, ETC.
Place of publication, distribution, etc. London
Name of publisher, distributor, etc. RIBA Publications
Date of publication, distribution, etc. 1998
300 ## - PHYSICAL DESCRIPTION
Extent 128p. ; 30cm.
490 ## - SERIES STATEMENT
Series statement JCT Standard Form of Building Contract With Contractor's Design 1998 Edition
650 ## - SUBJECT ADDED ENTRY--TOPICAL TERM
Topical term or geographic name entry element JCT STANDARD FORM OF BUILDING CONTRACT 1998
690 ## - LOCAL SUBJECT ADDED ENTRY--TOPICAL TERM (OCLC, RLIN)
Topical term or geographic name as entry element CONTRACTS
9 (RLIN) 6232
942 ## - ADDED ENTRY ELEMENTS (KOHA)
Suppress in OPAC 0
Holdings
Withdrawn status Lost status Source of classification or shelving scheme Damaged status Not for loan Home library Current library Shelving location Date acquired Total Checkouts Full call number Barcode Date last seen Copy number Price effective from Koha item type Public note
    Dewey Decimal Classification     London London Boxed set 01/10/1999   JCT 1998/32 30059122 07/01/2026 1 06/08/2019 Reference material  
          Virtual Virtual Online 07/01/2026   SCAN   07/01/2026   07/01/2026 Online material Please contact [email protected] to request a digital copy (fees apply for non-members)